プロ野球スピリッツA【プロスピA】 両打ち(スイッチヒッター)の選手名 - Statistics

General Stats
  • This quiz has been taken 147 times
    8 since last reset
  • The average score is 9 of 45
Answer Stats
球団名 選手名 % Correct
日本ハム 杉谷拳士
75%
楽天 松井稼頭央
75%
西武 松井稼頭央
75%
阪神 西岡剛
63%
阪神 植田海
63%
ロッテ 西岡剛
63%
日本ハム F.セギノール
63%
楽天 F.セギノール
63%
阪神 大和
50%
DeNA 大和
50%
広島 高橋慶彦
25%
中日 藤井淳志
25%
楽天 田中和基
25%
西武 金子侑司
25%
西武 O.デストラーデ
25%
巨人 若林晃弘
13%
DeNA 金城龍彦
13%
DeNA エリアン
13%
広島 平川蓮
13%
広島 木村拓也
13%
日本ハム 若林晃弘
13%
ロッテ 西村徳文
13%
楽天 内村賢介
13%
オリックス 松永浩美
13%
オリックス 佐野皓大
13%
オリックス M.ゴンザレス
13%
中日 S.モヤ
13%
オリックス S.モヤ
13%
中日 Z.アルモンテ
13%
DeNA 屋鋪要
0%
ヤクルト 福地寿樹
0%
中日 加藤翔平
0%
ロッテ 加藤翔平
0%
西武 仲田慶介
0%
西武 平野謙
0%
中日 A.エルナンデス
0%
日本ハム A.ハンソン
0%
日本ハム A.アルカンタラ
0%
西武 A.ガルシア
0%
オリックス B.バレラ
0%
ヤクルト D.ホージー
0%
ロッテ F.ボーリック
0%
ロッテ J.パラデス
0%
ロッテ K.バルガス
0%
阪神 M.ロハス・ジュニア
0%
No matching quizzes found
Score Distribution
Percent of People with Each Score
Percentile by Number Answered
Your Score History
You have not taken this quiz since the last reset